书目信息 |
| 题名: |
中国书法大系
|
|
| 作者: | 怀素 书 ;鲍春艳 主编 | |
| 分册: | 怀素 | |
| 出版信息: | 长春 吉林美术出版社 2014 |
|
| 页数: | 126页 | |
| 开本: | 35cm | |
| 丛书名: | ||
| 单 册: | ||
| 中图分类: | J292.21 , J292.24 | |
| 科图分类: | ||
| 主题词: | 法书--作品集--中国 , 草书--法书--中国--唐代 | |
| 电子资源: | ||
| ISBN: | 978-7-5386-8768-2 | |
| 000 | 00747nam0 2200265 450 | |
| 001 | 339806 | |
| 005 | 20150608154536.68 | |
| 010 | @a978-7-5386-8768-2@dCNY78.00 | |
| 100 | @a20141220d2014 em y0chiy50 ea | |
| 101 | 0 | @achi |
| 102 | @aCN@b220000 | |
| 105 | @ay z 000yd | |
| 106 | @ad | |
| 200 | 1 | @a中国书法大系@Azhong guo shu fa da xi@i怀素@f鲍春艳主编 |
| 210 | @a长春@c吉林美术出版社@d2014 | |
| 215 | @a126页@d35cm | |
| 304 | @a本书无题名页,依封面著录 | |
| 606 | 0 | @a法书@x作品集@y中国 |
| 606 | 0 | @a草书@x法书@y中国@z唐代 |
| 690 | @aJ292.21@v5 | |
| 690 | @aJ292.24@v5 | |
| 701 | 0 | @c(唐释)@a怀素@Ahuai su@f(737 799)@4书 |
| 702 | 0 | @a鲍春艳@Abao chun yan@4主编 |
| 801 | 0 | @aCN@b卓展宏图@c20150525 |
| 905 | @dJ292.21@e551:4@f3 | |
| 中国书法大系.怀素/鲍春艳主编.-长春:吉林美术出版社,2014 |
| 126页;35cm |
| ISBN 978-7-5386-8768-2:CNY78.00 |
| ● |
| 相关链接 |
|
|
|
|
正题名:中国书法大系
索取号:J292.21/551:4
 
预约/预借
| 序号 | 登录号 | 条形码 | 馆藏地/架位号 | 状态 | 备注 |
| 1 | 864113 | 208641139 | 第一样本阅览室/ [索取号:J292.21/551:4] | 在馆 | |
| 2 | 864114 | 208641148 | 美术系资料室/ [索取号:J292.21/551:4] | 在馆 | |
| 3 | 864115 | 208641157 | 第一借阅区/ [索取号:J292.21/551:4] | 在馆 |